00257nam a2200097Ia 4500008004100000100001900041245003100060260004300091300000900134650001600143190216s9999||||xx |||||||||||||| ||und|| aBanumurthy T S 0aAncient Indian Mathematics bNew Age International Publishersc1995 a214p aMathematics